00645nam a2200205Ia 4500008004100000020001800041050001600059100002400075245003100099245003900130245005900169260001500228260001600243260000900259300001600268300002000284300001000304999001900314952010600333170918s9999 xx 000 0 und d a9780545934268 bA399wi 2015 aAlifirenka, Caitlin aI will always write back : bhow one letter changed two lives / cby Caitlin Alifirenka and Martin Ganda with Liz Welch. aNew York : bScholastic, c2015 a400 pages : billustrations ; c19cm. c344336d344336 001040aSSISMbSSISMd2017-09-18l0oFIC A399wi 2015pSSISM3408r2017-09-18 00:00:00w2017-09-18yBK